000 00619nam a22002057a 4500
003 OSt
005 20160113163608.0
008 150128b xxu||||| |||| 00| 0 eng d
020 _a84-226-2025-1
040 _cBMC
082 _a863.99361
100 1 _913829
_aGarcía Márquez, Gabriel
_d1927-2014
245 1 0 _aCien años de soledad
_cGabriel García Márquez ; introducción de, Juan Cueto
260 _aBarcelona
_bCirculo de lectores
_c1986
300 _a309 p.
_b21 cm
490 _aMaestros de la narrativa hispánica
650 2 4 _929652
_aNovela colombiana
700 1 _937374
_aCueto, Juan
942 _2ddc
_cBK
999 _c23463
_d23463